| 000 | 00563nam a2200193 i 4500 | ||
|---|---|---|---|
| 001 | 63412 | ||
| 003 | ES-MaACL | ||
| 005 | 20231229063018.0 | ||
| 007 | t| | ||
| 008 | 031210s1964 sp ||||1| spa d | ||
| 100 | 1 |
_aFerreiro, Ramón, _d1903-1978 _950394 |
|
| 245 | 1 | 3 |
_aLa mirada abierta _b: semiversos y prosas ingenuas / _cRamón Ferreiro. |
| 250 | _a[1ª ed.]. | ||
| 260 |
_aMadrid : _bCelta, _c1964. |
||
| 300 |
_a131 p. ; _c22 cm. |
||
| 852 |
_aES-MaACL _jC-26391 _bR.55331 |
||
| 852 |
_aES-MaACL _jC-25996 _bR.54981 |
||
| 999 |
_c63412 _d63412 |
||